[Event "RC-2014-0-00151"]
[White "Hlavinkova, Libuska"]
[Black "Bujdak, Pavel"]
[Site "LSS email"]
[Round "?"]
[Result "1/2-1/2"]
[Date "2014.06.12"]
[WhiteElo "1744"]
[BlackElo "1669"]
[PlyCount "39"]
[EventDate "2014.04.01"]
[EventType "tourn (corr)"]
[EventRounds "6"]
[EventCountry "GER"]
[SourceTitle "Corr 2022"]
[Source "ChessBase"]
[SourceDate "2021.10.24"]
[SourceVersion "1"]
[SourceVersionDate "2021.10.24"]
[SourceQuality "1"]

1. e4 c5 2. Nf3 d6 3. d4 cxd4 4. Nxd4 Nf6 5. Nc3 a6 6. Be3 e5 7. Nb3 Be6 8. Qd2 Nbd7 9. f3 h5 10. 0-0-0 Be7 11. Kb1 b5 12. Nd5 Bxd5 13. exd5 Nb6 14. Bxb6 Qxb6 15. Na5 Rc8 16. Nc6 Nxd5 17. Nxe7 Nxe7 18. Qxd6 Qxd6 19. Rxd6 Nc6 20. Rd1 1/2-1/2

[Event "ZI-2013-0-01716"]
[White "Hlavinkova, Libuska"]
[Black "Rivas Romero, Jesus"]
[Site "LSS email"]
[Round "?"]
[Result "1/2-1/2"]
[Date "2013.11.04"]
[WhiteElo "1618"]
[BlackElo "1457"]
[PlyCount "47"]
[EventDate "2013.11.01"]
[EventType "match (corr)"]
[EventRounds "2"]
[EventCountry "GER"]
[SourceTitle "Telechess CBM 163"]
[Source "ChessBase"]
[SourceDate "2014.11.11"]
[SourceVersion "2"]
[SourceVersionDate "2014.11.11"]
[SourceQuality "1"]

1. e4 d5 2. exd5 Qxd5 3. Nc3 Qa5 4. d4 Nf6 5. Nf3 Bg4 6. h3 Bh5 7. g4 Bg6 8. Ne5 e6 9. h4 Bb4 10. Bd2 Qb6 11. a3 Bxc3 12. bxc3 Nbd7 13. Nxd7 Kxd7 14. h5 Be4 15. f3 Bc6 16. g5 Ne8 17. Kf2 Nd6 18. Rb1 Qa5 19. c4 Qa4 20. h6 g6 21. d5 exd5 22. Bh3+ Nf5 23. Rb4 Qxa3 24. Bxf5+ 1/2-1/2

[Event "ZI-2013-0-01716"]
[White "Rivas Romero, Jesus"]
[Black "Hlavinkova, Libuska"]
[Site "LSS email"]
[Round "?"]
[Result "1/2-1/2"]
[Date "2013.11.04"]
[WhiteElo "1457"]
[BlackElo "1618"]
[PlyCount "58"]
[EventDate "2013.11.01"]
[EventType "match (corr)"]
[EventRounds "2"]
[EventCountry "GER"]
[SourceTitle "Telechess CBM 163"]
[Source "ChessBase"]
[SourceDate "2014.11.11"]
[SourceVersion "2"]
[SourceVersionDate "2014.11.11"]
[SourceQuality "1"]

1. e4 e6 2. d4 d5 3. e5 c5 4. c3 Nc6 5. Nf3 Qb6 6. Be2 cxd4 7. cxd4 Nh6 8. Nc3 Nf5 9. Na4 Bb4+ 10. Bd2 Qa5 11. Bc3 b5 12. a3 Bxc3+ 13. Nxc3 b4 14. axb4 Qxb4 15. Bb5 Bd7 16. Bxc6 Bxc6 17. Qd2 0-0 18. g4 Ne7 19. 0-0 a5 20. Rfc1 Rfc8 21. Rc2 Bd7 22. Nd1 Qxd2 23. Rxd2 a4 24. Ne3 Nc6 25. Rc1 Na5 26. Rdc2 Rxc2 27. Rxc2 Rb8 28. Kg2 Rb4 29. h4 Nb3 1/2-1/2

[Event "OP-2013-0-03097"]
[White "Stasilo, Tymoteusz"]
[Black "Hlavinkova, Libuska"]
[Site "LSS email"]
[Round "?"]
[Result "1/2-1/2"]
[Date "2013.11.03"]
[WhiteElo "1202"]
[BlackElo "1608"]
[PlyCount "34"]
[EventDate "2013.10.31"]
[EventType "tourn (corr)"]
[EventRounds "4"]
[EventCountry "GER"]
[SourceTitle "Telechess CBM 167"]
[Source "ChessBase"]
[SourceDate "2015.07.13"]
[SourceVersion "1"]
[SourceVersionDate "2015.07.13"]
[SourceQuality "1"]

1. e4 c5 2. Nf3 g6 3. Bc4 Nc6 4. 0-0 Nf6 5. e5 d5 6. Bb5 Nd7 7. d4 cxd4 8. e6 fxe6 9. Nxd4 Ndb8 10. Nxc6 bxc6 11. Qd4 Rg8 12. Be2 Bg7 13. Qh4 Rh8 14. Nc3 Kf7 15. Be3 Bf6 16. Qa4 Qc7 17. f4 Rf8 1/2-1/2

[Event "SC-2013-0-00200"]
[White "Ellis, Maurice"]
[Black "Hlavinkova, Libuska"]
[Site "LSS email"]
[Round "?"]
[Result "0-1"]
[Date "2013.10.29"]
[WhiteElo "1533"]
[BlackElo "1608"]
[PlyCount "42"]
[EventDate "2013.09.22"]
[EventType "tourn (corr)"]
[EventRounds "6"]
[EventCountry "GER"]
[SourceTitle "Telechess CBM 167"]
[Source "ChessBase"]
[SourceDate "2015.07.13"]
[SourceVersion "1"]
[SourceVersionDate "2015.07.13"]
[SourceQuality "1"]

1. c4 f5 2. Nc3 Nf6 3. g3 e5 4. Bg2 d6 5. d4 Be7 6. Nf3 e4 7. Nd2 c6 8. 0-0 0-0 9. Qb3 d5 10. Rd1 dxc4 11. Nxc4 Be6 12. d5 cxd5 13. Ne3 Nc6 14. Nexd5 Nxd5 15. Nxd5 Kh8 16. Be3 Na5 17. Qc3 Bxd5 18. Qe5 Bf6 19. Qxd5 Qxd5 20. Rxd5 Bxb2 21. Rb1 Nc4 0-1

[Event "SC-2013-0-00200"]
[White "Hlavinkova, Libuska"]
[Black "Dlugolecki, Grzegorz"]
[Site "LSS email"]
[Round "?"]
[Result "1-0"]
[Date "2013.10.29"]
[WhiteElo "1608"]
[BlackElo "1530"]
[PlyCount "39"]
[EventDate "2013.09.22"]
[EventType "tourn (corr)"]
[EventRounds "6"]
[EventCountry "GER"]
[SourceTitle "Telechess CBM 167"]
[Source "ChessBase"]
[SourceDate "2015.07.13"]
[SourceVersion "1"]
[SourceVersionDate "2015.07.13"]
[SourceQuality "1"]

1. e4 e5 2. f4 exf4 3. Nf3 d6 4. Bc4 h6 5. h4 Nf6 6. Nc3 Bg4 7. d4 Nh5 8. Ne5 dxe5 9. Qxg4 Ng3 10. dxe5 Nxh1 11. Bxf4 Bc5 12. Qxg7 Rf8 13. e6 Qxh4+ 14. g3 Nxg3 15. exf7+ Kd8 16. 0-0-0+ Nd7 17. Bxg3 Qg5+ 18. Qxg5+ hxg5 19. e5 Ke7 20. Nd5+ 1-0

[Event "RC-2013-0-00130"]
[White "Bauer, Rudolf"]
[Black "Hlavinkova, Libuska"]
[Site "LSS email"]
[Round "?"]
[Result "1/2-1/2"]
[Date "2013.10.28"]
[WhiteElo "1852"]
[BlackElo "1567"]
[PlyCount "28"]
[EventDate "2013.08.27"]
[EventType "tourn (corr)"]
[EventRounds "6"]
[EventCountry "GER"]
[SourceTitle "Corr 2022"]
[Source "ChessBase"]
[SourceDate "2021.10.24"]
[SourceVersion "1"]
[SourceVersionDate "2021.10.24"]
[SourceQuality "1"]

1. e4 c5 2. Nf3 g6 3. d4 cxd4 4. Nxd4 Nc6 5. Nxc6 bxc6 6. Bc4 Nf6 7. Nc3 Qc7 8. 0-0 Bg7 9. Bb3 0-0 10. Re1 d6 11. Bg5 a5 12. h3 h6 13. Bf4 Nd7 14. Qd2 Kh7 1/2-1/2

[Event "RC-2013-0-00130"]
[White "Dovganenko, Andrej"]
[Black "Hlavinkova, Libuska"]
[Site "LSS email"]
[Round "?"]
[Result "1/2-1/2"]
[Date "2013.10.28"]
[WhiteElo "2192"]
[BlackElo "1567"]
[PlyCount "28"]
[EventDate "2013.08.27"]
[EventType "tourn (corr)"]
[EventRounds "6"]
[EventCountry "GER"]
[SourceTitle "Corr 2022"]
[Source "ChessBase"]
[SourceDate "2021.10.24"]
[SourceVersion "1"]
[SourceVersionDate "2021.10.24"]
[SourceQuality "1"]

1. d4 Nf6 2. c4 e6 3. Nc3 Bb4 4. f3 d5 5. a3 Be7 6. e4 dxe4 7. fxe4 e5 8. d5 Bc5 9. Nf3 Bg4 10. h3 Bxf3 11. Qxf3 0-0 12. Bd2 Nbd7 13. 0-0-0 a5 14. Kb1 Ne8 1/2-1/2

[Event "RC-2013-0-00130"]
[White "Reede, Arvo"]
[Black "Hlavinkova, Libuska"]
[Site "LSS email"]
[Round "?"]
[Result "1/2-1/2"]
[Date "2013.10.28"]
[WhiteElo "1713"]
[BlackElo "1605"]
[PlyCount "42"]
[EventDate "2013.08.27"]
[EventType "tourn (corr)"]
[EventRounds "6"]
[EventCountry "GER"]
[SourceTitle "Telechess CBM 167"]
[Source "ChessBase"]
[SourceDate "2015.07.13"]
[SourceVersion "1"]
[SourceVersionDate "2015.07.13"]
[SourceQuality "1"]

1. d4 Nf6 2. c4 e6 3. Nf3 Bb4+ 4. Bd2 Qe7 5. Nc3 Bxc3 6. Bxc3 Ne4 7. Qc2 Nxc3 8. Qxc3 0-0 9. e4 b6 10. Be2 Bb7 11. e5 d6 12. 0-0 Nd7 13. Qa3 c5 14. Rad1 d5 15. Rfe1 Rfd8 16. cxd5 Bxd5 17. Rc1 Rac8 18. h4 a5 19. h5 h6 20. Red1 Rc7 21. Rc2 Rdc8 1/2-1/2

[Event "CP-2013-P-00054"]
[White "Hlavinkova, Libuska"]
[Black "Bourgoin, Claude"]
[Site "LSS email"]
[Round "?"]
[Result "1/2-1/2"]
[Date "2013.09.30"]
[WhiteElo "1694"]
[BlackElo "1791"]
[PlyCount "45"]
[EventDate "2013.10.01"]
[EventType "tourn (corr)"]
[EventRounds "6"]
[EventCountry "GER"]
[SourceTitle "Corr 2022"]
[Source "ChessBase"]
[SourceDate "2021.10.24"]
[SourceVersion "1"]
[SourceVersionDate "2021.10.24"]
[SourceQuality "1"]

1. e4 e5 2. f4 Bc5 3. Nf3 d6 4. Nc3 Nf6 5. Bc4 Nc6 6. d3 a6 7. f5 h6 8. Nd5 Nxd5 9. Bxd5 Nb4 10. Bb3 0-0 11. a3 Nc6 12. h4 b5 13. Qe2 Bb7 14. g4 a5 15. g5 a4 16. Ba2 Kh7 17. gxh6 gxh6 18. Ng5+ Kg7 19. Nxf7 Rxf7 20. Qg4+ Kh8 21. Bxf7 Qf6 22. Qh5 Kg7 23. Bd2 1/2-1/2

[Event "CP-2013-P-00054"]
[White "Muhl, Patrick"]
[Black "Hlavinkova, Libuska"]
[Site "LSS email"]
[Round "?"]
[Result "1-0"]
[Date "2013.09.30"]
[WhiteElo "2442"]
[BlackElo "1694"]
[PlyCount "25"]
[EventDate "2013.10.01"]
[EventType "tourn (corr)"]
[EventRounds "6"]
[EventCountry "GER"]
[SourceTitle "Corr 2022"]
[Source "ChessBase"]
[SourceDate "2021.10.24"]
[SourceVersion "1"]
[SourceVersionDate "2021.10.24"]
[SourceQuality "1"]

1. d4 d5 2. c4 c6 3. Nf3 Nf6 4. Nc3 a6 5. c5 e6 6. Bf4 Nbd7 7. e3 b6 8. b4 Be7 9. Bd3 0-0 10. 0-0 Bb7 11. Qc2 a5 12. a3 Qc8 13. Na4 1-0

[Event "RD-2013-0-00090"]
[White "Hlavinkova, Libuska"]
[Black "Ribelles Sala, Maria Magdalena"]
[Site "LSS email"]
[Round "?"]
[Result "1-0"]
[Date "2013.09.29"]
[WhiteElo "1618"]
[BlackElo "1200"]
[PlyCount "51"]
[EventDate "2013.08.18"]
[EventType "tourn (corr)"]
[EventRounds "6"]
[EventCountry "GER"]
[SourceTitle "Telechess CBM 163"]
[Source "ChessBase"]
[SourceDate "2014.11.11"]
[SourceVersion "2"]
[SourceVersionDate "2014.11.11"]
[SourceQuality "1"]

1. e4 c5 2. f4 d5 3. exd5 Nf6 4. Nc3 Nxd5 5. Nf3 e6 6. Ne5 Nd7 7. Bb5 a6 8. Bxd7+ Bxd7 9. 0-0 Be7 10. Qg4 Bf6 11. Rf2 Nxc3 12. dxc3 h5 13. Qe2 Bb5 14. c4 Ba4 15. b3 Bc6 16. Bb2 Qe7 17. Nxc6 bxc6 18. Bxf6 Qxf6 19. Raf1 0-0-0 20. Qe5 Qxe5 21. fxe5 Rhf8 22. Rxf7 Rxf7 23. Rxf7 Rd1+ 24. Kf2 Rd2+ 25. Kg3 Rxc2 26. Rxg7 1-0

[Event "OP-2013-0-03011"]
[White "Hlavinkova, Libuska"]
[Black "Lenz, Juergen"]
[Site "LSS email"]
[Round "?"]
[Result "1-0"]
[Date "2013.09.21"]
[WhiteElo "1618"]
[BlackElo "965"]
[PlyCount "83"]
[EventDate "2013.09.18"]
[EventType "tourn (corr)"]
[EventRounds "4"]
[EventCountry "GER"]
[SourceTitle "Telechess CBM 163"]
[Source "ChessBase"]
[SourceDate "2014.11.11"]
[SourceVersion "2"]
[SourceVersionDate "2014.11.11"]
[SourceQuality "1"]

1. e4 Nf6 2. e5 Nd5 3. d4 d6 4. Nf3 Nc6 5. c4 Nb6 6. Nc3 Bg4 7. Be3 g6 8. exd6 cxd6 9. d5 Ne5 10. c5 Bxf3 11. Bb5+ Nbd7 12. gxf3 a6 13. f4 axb5 14. fxe5 Nxe5 15. cxd6 exd6 16. Qe2 Qe7 17. f4 Nc4 18. Bd4 Rg8 19. Nxb5 Kd7 20. Kd1 Qxe2+ 21. Kxe2 Bg7 22. Bxg7 Rxg7 23. Rhc1 Rc8 24. b3 Nb6 25. Rxc8 Kxc8 26. Nxd6+ Kd7 27. Nxb7 Nxd5 28. Rd1 Kc6 29. Na5+ Kc5 30. Kf3 f5 31. a3 Nf6 32. Rc1+ Kb5 33. Nc6 Ne4 34. a4+ Kb6 35. b4 Rd7 36. Ke3 Rd6 37. Na5 Re6 38. Kd4 Nf6 39. Nc4+ Kb7 40. b5 Nd7 41. Kd5 Re4 42. Nd6+ 1-0

[Event "ZI-2013-0-01684"]
[White "Habes, Jiri"]
[Black "Hlavinkova, Libuska"]
[Site "LSS email"]
[Round "?"]
[Result "1/2-1/2"]
[Date "2013.09.17"]
[WhiteElo "1664"]
[BlackElo "1618"]
[PlyCount "48"]
[EventDate "2013.09.12"]
[EventType "match (corr)"]
[EventRounds "2"]
[EventCountry "GER"]
[SourceTitle "Telechess CBM 165"]
[Source "ChessBase"]
[SourceDate "2015.03.11"]
[SourceVersion "1"]
[SourceVersionDate "2015.03.11"]
[SourceQuality "1"]

1. e4 c5 2. Nf3 Nc6 3. d4 cxd4 4. Nxd4 Nf6 5. Nc3 e5 6. Ndb5 d6 7. Bg5 a6 8. Na3 b5 9. Nd5 Be7 10. Bxf6 Bxf6 11. c3 Rb8 12. Nc2 Bg5 13. a4 bxa4 14. Ncb4 Nxb4 15. Nxb4 Bd7 16. Bxa6 0-0 17. 0-0 Qb6 18. Qh5 h6 19. Bd3 Rb7 20. Bc4 Qc7 21. Bd5 Rb6 22. Rfd1 Qc8 23. h3 Rb8 24. Ra2 Kh8 1/2-1/2

[Event "OP-2013-0-02997"]
[White "Ederer, Karel"]
[Black "Hlavinkova, Libuska"]
[Site "LSS email"]
[Round "?"]
[Result "1/2-1/2"]
[Date "2013.09.13"]
[WhiteElo "2005"]
[BlackElo "1542"]
[PlyCount "38"]
[EventDate "2013.09.10"]
[EventType "tourn (corr)"]
[EventRounds "4"]
[EventCountry "GER"]
[SourceTitle "Corr 2015"]
[Source "ChessBase"]
[SourceDate "2015.07.17"]
[SourceVersion "1"]
[SourceVersionDate "2015.07.17"]
[SourceQuality "1"]

1. d4 f5 2. g3 e6 3. Bg2 c6 4. Nf3 Nf6 5. 0-0 d5 6. c4 Bd6 7. Bf4 Bxf4 8. gxf4 0-0 9. Nbd2 Nbd7 10. Rc1 a5 11. e3 b6 12. Qa4 Bb7 13. Ne5 Rc8 14. Rfd1 c5 15. cxd5 Nxe5 16. fxe5 Nxd5 17. dxc5 bxc5 18. Nf3 Ba8 19. Rd2 h6 1/2-1/2

[Event "RD-2013-0-00089"]
[White "Hlavinkova, Libuska"]
[Black "Laffont, Jose Eduardo Alfred"]
[Site "LSS email"]
[Round "?"]
[Result "1-0"]
[Date "2013.09.13"]
[WhiteElo "1535"]
[BlackElo "1585"]
[PlyCount "51"]
[EventDate "2013.08.07"]
[EventType "tourn (corr)"]
[EventRounds "6"]
[EventCountry "GER"]
[SourceTitle "Corr 2022"]
[Source "ChessBase"]
[SourceDate "2021.10.24"]
[SourceVersion "1"]
[SourceVersionDate "2021.10.24"]
[SourceQuality "1"]

1. e4 c6 2. d4 d5 3. Nc3 dxe4 4. Nxe4 Nd7 5. Ng5 Ngf6 6. Bd3 e6 7. N1f3 Bd6 8. Qe2 h6 9. Ne4 Nxe4 10. Qxe4 Nf6 11. Qh4 Rg8 12. Nd2 e5 13. dxe5 Bxe5 14. 0-0 Be6 15. Re1 g5 16. Qb4 Qc7 17. Rxe5 Qxe5 18. Qxb7 Rc8 19. Qxa7 Qe1+ 20. Nf1 Qe5 21. Bd2 Qb8 22. Qa3 Nd5 23. Ng3 f6 24. Bf5 Kf7 25. Bxe6+ Kxe6 26. c4 1-0

[Event "OP-2013-0-02997"]
[White "Hlavinkova, Libuska"]
[Black "Perez Garcia, Miguel"]
[Site "LSS email"]
[Round "?"]
[Result "1-0"]
[Date "2013.09.13"]
[WhiteElo "1542"]
[BlackElo "1306"]
[PlyCount "25"]
[EventDate "2013.09.10"]
[EventType "tourn (corr)"]
[EventRounds "4"]
[EventCountry "GER"]
[SourceTitle "Corr 2015"]
[Source "ChessBase"]
[SourceDate "2015.07.17"]
[SourceVersion "1"]
[SourceVersionDate "2015.07.17"]
[SourceQuality "1"]

1. e4 c5 2. d4 cxd4 3. c3 d5 4. exd5 Qxd5 5. cxd4 Nc6 6. Nf3 Bg4 7. Nc3 Qe6+ 8. Be3 Bxf3 9. Qxf3 Nxd4 10. Qxb7 Rd8 11. Bb5+ Nxb5 12. Nxb5 Rd7 13. Qc8+ 1-0

[Event "OP-2013-0-02997"]
[White "Hlavinkova, Libuska"]
[Black "Vontina, Maria"]
[Site "LSS email"]
[Round "?"]
[Result "1-0"]
[Date "2013.09.13"]
[WhiteElo "1542"]
[BlackElo "772"]
[PlyCount "67"]
[EventDate "2013.09.10"]
[EventType "tourn (corr)"]
[EventRounds "4"]
[EventCountry "GER"]
[SourceTitle "Telechess CBM 161"]
[Source "ChessBase"]
[SourceDate "2014.07.16"]
[SourceVersion "1"]
[SourceVersionDate "2014.07.16"]
[SourceQuality "1"]

1. e4 e6 2. d4 d5 3. e5 c5 4. Nc3 Nc6 5. Nf3 a6 6. dxc5 Bxc5 7. a3 Nge7 8. b4 Bb6 9. Na4 Ba7 10. Bd3 Ng6 11. Bb2 0-0 12. 0-0 Bd7 13. Nc5 Qc7 14. Nxd7 Qxd7 15. c4 dxc4 16. Bxc4 Rfd8 17. Qe2 Qe7 18. Qe4 Rac8 19. Bb3 Rd7 20. h4 Nf8 21. Rad1 Rcd8 22. Rxd7 Rxd7 23. Ba4 Rc7 24. Rd1 Nd7 25. Rc1 b5 26. Rxc6 Rxc6 27. Qxc6 Nb8 28. Qc8+ Qf8 29. Qb7 Bxf2+ 30. Kxf2 bxa4 31. Bd4 Qd8 32. Bb6 Qe8 33. Qa8 h6 34. Bc7 1-0

[Event "OP-2013-0-02996"]
[White "Lehnberger, Karl"]
[Black "Hlavinkova, Libuska"]
[Site "LSS email"]
[Round "?"]
[Result "1-0"]
[Date "2013.09.13"]
[WhiteElo "2164"]
[BlackElo "1605"]
[PlyCount "45"]
[EventDate "2013.09.10"]
[EventType "tourn (corr)"]
[EventRounds "4"]
[EventCountry "GER"]
[SourceTitle "Telechess CBM 167"]
[Source "ChessBase"]
[SourceDate "2015.07.13"]
[SourceVersion "1"]
[SourceVersionDate "2015.07.13"]
[SourceQuality "1"]

1. e4 e5 2. Nf3 Nc6 3. Bb5 Nf6 4. 0-0 Nxe4 5. d4 Nd6 6. Bxc6 dxc6 7. dxe5 Nf5 8. Qxd8+ Kxd8 9. Nc3 Ke8 10. h3 h5 11. Bf4 Be7 12. Rad1 Be6 13. Ng5 Rh6 14. Rfe1 Bb4 15. g4 hxg4 16. hxg4 Ne7 17. Nxe6 Rxe6 18. Re3 Ng6 19. Bg3 Bxc3 20. bxc3 c5 21. f4 Nf8 22. f5 Re7 23. Bf4 1-0

[Event "RD-2013-0-00090"]
[White "Perez Garcia, Miguel"]
[Black "Hlavinkova, Libuska"]
[Site "LSS email"]
[Round "?"]
[Result "0-1"]
[Date "2013.09.13"]
[WhiteElo "1025"]
[BlackElo "1618"]
[PlyCount "44"]
[EventDate "2013.08.18"]
[EventType "tourn (corr)"]
[EventRounds "6"]
[EventCountry "GER"]
[SourceTitle "Telechess CBM 163"]
[Source "ChessBase"]
[SourceDate "2014.11.11"]
[SourceVersion "2"]
[SourceVersionDate "2014.11.11"]
[SourceQuality "1"]

1. Nf3 Nf6 2. c4 g6 3. Nc3 Bg7 4. e4 d6 5. d4 0-0 6. Be2 e5 7. dxe5 dxe5 8. Qxd8 Rxd8 9. Bg5 Re8 10. 0-0-0 Na6 11. Ne1 Nc5 12. f3 c6 13. Nc2 Ne6 14. Be3 b6 15. b4 Bb7 16. Rd2 c5 17. a3 Rec8 18. b5 Nd4 19. Kb2 a6 20. Bxd4 exd4 21. Nd5 Nxd5 22. exd5 d3+ 0-1

[Event "ZI-2013-0-01680"]
[White "Perez Garcia, Miguel"]
[Black "Hlavinkova, Libuska"]
[Site "LSS email"]
[Round "?"]
[Result "0-1"]
[Date "2013.09.13"]
[WhiteElo "1306"]
[BlackElo "1542"]
[PlyCount "48"]
[EventDate "2013.08.27"]
[EventType "match (corr)"]
[EventRounds "2"]
[EventCountry "GER"]
[SourceTitle "Telechess CBM 163"]
[Source "ChessBase"]
[SourceDate "2014.11.11"]
[SourceVersion "2"]
[SourceVersionDate "2014.11.11"]
[SourceQuality "1"]

1. Nf3 f5 2. c4 e6 3. d4 Nf6 4. Nc3 c6 5. e4 fxe4 6. Ne5 d6 7. Ng4 Nbd7 8. Bg5 d5 9. Ne5 Bd6 10. Nxd7 Bxd7 11. c5 Bc7 12. b4 e5 13. Be2 0-0 14. 0-0 Qe8 15. b5 exd4 16. Qxd4 Be5 17. Qb4 d4 18. f4 exf3 19. Bc4+ Kh8 20. Bxf6 fxg2 21. Bxg7+ Kxg7 22. Rxf8 Qh5 23. Rf7+ Kh8 24. Ne2 Qxh2+ 0-1

[Event "ZI-2013-0-01670"]
[White "Hlavinkova, Libuska"]
[Black "Gajic, Sladjan"]
[Site "LSS email"]
[Round "?"]
[Result "1/2-1/2"]
[Date "2013.08.24"]
[WhiteElo "1618"]
[BlackElo "1752"]
[PlyCount "43"]
[EventDate "2013.08.15"]
[EventType "match (corr)"]
[EventRounds "2"]
[EventCountry "GER"]
[SourceTitle "Telechess CBM 165"]
[Source "ChessBase"]
[SourceDate "2015.03.11"]
[SourceVersion "1"]
[SourceVersionDate "2015.03.11"]
[SourceQuality "1"]

1. e4 c5 2. Nf3 d6 3. d4 cxd4 4. Nxd4 Nf6 5. Nc3 a6 6. Bc4 e6 7. Bb3 b5 8. Bg5 Be7 9. Qf3 Qc7 10. 0-0-0 Nbd7 11. e5 Bb7 12. Qg3 Nxe5 13. Bxe6 fxe6 14. f4 Kf7 15. fxe5 dxe5 16. Nxe6 Kxe6 17. Qh3+ Kf7 18. Bxf6 gxf6 19. Rd7 Qc6 20. Rhd1 Qxg2 21. Rxe7+ Kxe7 22. Rd7+ 1/2-1/2

[Event "ZI-2013-0-01667"]
[White "Hlavinkova, Libuska"]
[Black "Tutov, Nikolay"]
[Site "LSS email"]
[Round "?"]
[Result "1/2-1/2"]
[Date "2013.08.17"]
[WhiteElo "1542"]
[BlackElo "1521"]
[PlyCount "27"]
[EventDate "2013.08.13"]
[EventType "match (corr)"]
[EventRounds "2"]
[EventCountry "GER"]
[SourceTitle "Corr 2015"]
[Source "ChessBase"]
[SourceDate "2015.07.17"]
[SourceVersion "1"]
[SourceVersionDate "2015.07.17"]
[SourceQuality "1"]

1. e4 d6 2. d4 Nf6 3. Nc3 e5 4. dxe5 dxe5 5. Qxd8+ Kxd8 6. a3 Bd6 7. Bc4 Ke7 8. Be3 a6 9. f3 b5 10. Ba2 Be6 11. Bxe6 Kxe6 12. Nge2 Nc6 13. 0-0-0 Na5 14. Bf2 1/2-1/2

[Event "ZI-2013-0-01667"]
[White "Tutov, Nikolay"]
[Black "Hlavinkova, Libuska"]
[Site "LSS email"]
[Round "?"]
[Result "1/2-1/2"]
[Date "2013.08.17"]
[WhiteElo "1521"]
[BlackElo "1542"]
[PlyCount "24"]
[EventDate "2013.08.13"]
[EventType "match (corr)"]
[EventRounds "2"]
[EventCountry "GER"]
[SourceTitle "Corr 2015"]
[Source "ChessBase"]
[SourceDate "2015.07.17"]
[SourceVersion "1"]
[SourceVersionDate "2015.07.17"]
[SourceQuality "1"]

1. e3 e5 2. c4 Nf6 3. d3 d5 4. cxd5 Nxd5 5. Nf3 Nc6 6. Be2 Be7 7. 0-0 0-0 8. e4 Nb6 9. Nc3 Be6 10. Be3 Bf6 11. Na4 Nxa4 12. Qxa4 Qd7 1/2-1/2

[Event "ZI-2013-0-01666"]
[White "Hlavinkova, Libuska"]
[Black "Zukan, Jakob"]
[Site "LSS email"]
[Round "?"]
[Result "1-0"]
[Date "2013.08.16"]
[WhiteElo "1542"]
[BlackElo "1638"]
[PlyCount "53"]
[EventDate "2013.08.13"]
[EventType "match (corr)"]
[EventRounds "2"]
[EventCountry "GER"]
[SourceTitle "Telechess CBM 163"]
[Source "ChessBase"]
[SourceDate "2014.11.11"]
[SourceVersion "2"]
[SourceVersionDate "2014.11.11"]
[SourceQuality "1"]

1. e4 c5 2. Nf3 Nc6 3. d4 cxd4 4. Nxd4 e5 5. Nb5 d6 6. c4 a6 7. N5c3 Nf6 8. Bd3 Be7 9. Be3 0-0 10. Nd5 Nxd5 11. cxd5 Nb4 12. Be2 Qa5 13. Nc3 f5 14. a3 Nxd5 15. Qxd5+ Qxd5 16. Nxd5 Bd8 17. Nb6 Bxb6 18. Bxb6 fxe4 19. Rd1 Bd7 20. Rxd6 Bc6 21. Bc4+ Kh8 22. 0-0 h6 23. Re6 Rae8 24. Rxe8 Rxe8 25. Rc1 Kh7 26. Bxa6 bxa6 27. Rxc6 1-0

[Event "SD-2013-0-00173"]
[White "Winkler, Matthias"]
[Black "Hlavinkova, Libuska"]
[Site "LSS email"]
[Round "?"]
[Result "0-1"]
[Date "2013.08.16"]
[WhiteElo "1383"]
[BlackElo "1520"]
[PlyCount "90"]
[EventDate "2013.07.16"]
[EventType "tourn (corr)"]
[EventRounds "6"]
[EventCountry "GER"]
[SourceTitle "Corr 2022"]
[Source "ChessBase"]
[SourceDate "2021.10.24"]
[SourceVersion "1"]
[SourceVersionDate "2021.10.24"]
[SourceQuality "1"]

1. e4 c5 2. Nf3 Nc6 3. Bb5 g6 4. 0-0 Bg7 5. Nc3 d6 6. d4 cxd4 7. Nxd4 Bd7 8. Be3 Nf6 9. f3 0-0 10. Qd2 Ne5 11. Bxd7 Nc4 12. Qd3 Nxe3 13. Qxe3 Nxd7 14. Rad1 Rc8 15. f4 Re8 16. f5 Qb6 17. Nd5 Qxb2 18. fxg6 hxg6 19. c3 e6 20. Rb1 Qxa2 21. Rxb7 exd5 22. Rxd7 Rf8 23. Rxd6 dxe4 24. Qxe4 Qc4 25. Rf3 a5 26. Re3 Rfe8 27. Qxe8+ Rxe8 28. Rxe8+ Kh7 29. Rd7 a4 30. Kf2 a3 31. Ra8 Qa2+ 32. Ke3 Qa1 33. Nf3 Bh6+ 34. Kf2 Qa2+ 35. Kg3 Qe6 36. Rda7 Be3 37. Rxa3 g5 38. Ra2 f5 39. Nxg5+ Bxg5 40. R2a7+ Be7 41. Kf2 Kg6 42. Ra6 Bc5+ 43. Kf1 Bb6 44. g3 Kg5 45. Ra4 Qe3 0-1

[Event "ZI-2013-0-01666"]
[White "Zukan, Jakob"]
[Black "Hlavinkova, Libuska"]
[Site "LSS email"]
[Round "?"]
[Result "0-1"]
[Date "2013.08.16"]
[WhiteElo "1638"]
[BlackElo "1542"]
[PlyCount "50"]
[EventDate "2013.08.13"]
[EventType "match (corr)"]
[EventRounds "2"]
[EventCountry "GER"]
[SourceTitle "Telechess CBM 163"]
[Source "ChessBase"]
[SourceDate "2014.11.11"]
[SourceVersion "2"]
[SourceVersionDate "2014.11.11"]
[SourceQuality "1"]

1. d4 f5 2. Nf3 Nf6 3. Nc3 e6 4. Bg5 d5 5. e3 c6 6. Ne5 Nbd7 7. Bd3 Be7 8. Bxf6 Bxf6 9. Nxd7 Bxd7 10. 0-0 e5 11. dxe5 Bxe5 12. Qd2 0-0 13. Rab1 f4 14. Be2 f3 15. Bxf3 Rxf3 16. Ne2 Qh4 17. g3 Qh3 18. Nf4 Bxf4 19. exf4 Bf5 20. Rbe1 Be4 21. Rxe4 dxe4 22. Re1 Re8 23. Re3 Rxe3 24. Qxe3 Qh5 25. Qd2 Qd5 0-1